|
|
|
|
| LEADER |
00000nas a22000007i 4500 |
| 001 |
ssj0038863 |
| 003 |
WaSeSS |
| 005 |
20200512172242.0 |
| 006 |
m d |
| 007 |
cr n |
| 008 |
050916c198u9999mauwn pss gw 0 a0eng |
| 010 |
|
|
|a 2016203448
|
| 022 |
|
|
|a 2474-6703
|y 0279-0882
|
| 035 |
|
|
|a (WaSeSS)ssj0038863
|
| 040 |
|
|
|a OCLCS
|b eng
|c OCLCS
|d OCLCS
|d CO3
|d OCLCQ
|d OCLCF
|d OCLCO
|d OCLCQ
|d DLC
|d OCLCA
|d VT2
|d OCLCO
|d WaSeSS
|
| 042 |
|
|
|a pcc
|a nsdp
|
| 043 |
|
|
|a n-us-ri
|
| 050 |
1 |
4 |
|a K22
|b .H6
|
| 082 |
0 |
4 |
|a 349.745
|a 347.45
|2 19
|
| 222 |
|
0 |
|a Rhode Island lawyers weekly
|b (Online)
|
| 245 |
0 |
0 |
|a Rhode Island lawyers weekly
|h [electronic resource].
|
| 246 |
1 |
|
|a R.I. lawyers weekly
|
| 246 |
1 |
|
|a Lawyers weekly
|
| 260 |
|
|
|a Boston, MA :
|b Lawyers Weekly Publications
|
| 310 |
|
|
|a Weekly (except 2nd week in July, last week in Dec.)
|
| 362 |
1 |
|
|a Print began: 1981 (?)
|
| 506 |
|
|
|a License restrictions may limit access.
|
| 588 |
|
|
|a Description based on: Volume 34, issue no. 34 (December 30, 2013); title from PDF caption (Bridge Tower Media website, viewed on October 14, 2016).
|
| 588 |
|
|
|a Latest issue consulted: Volume 37, issue no. 42 (October 17, 2016) (viewed on October 14, 2016).
|
| 650 |
|
0 |
|a Law
|z Rhode Island
|v Periodicals.
|
| 650 |
|
0 |
|a Law reports, digests, etc
|z Rhode Island.
|
| 650 |
|
7 |
|a Law.
|2 fast
|0 (OCoLC)fst00993678
|
| 650 |
|
7 |
|a Law reports, digests, etc.
|2 fast
|0 (OCoLC)fst00994106
|
| 651 |
|
7 |
|a Rhode Island.
|2 fast
|0 (OCoLC)fst01204599
|
| 655 |
|
0 |
|a Electronic journals.
|
| 776 |
0 |
8 |
|i Print version:
|t Rhode Island lawyers weekly
|x 0279-0882
|w (DLC) 86642434
|w (OCoLC)7518649
|
| 780 |
0 |
0 |
|t Rhode Island lawyers news
|
| 856 |
4 |
0 |
|z Full text available from Research Library: 08/10/2012 to 05/31/2020
|u https://search.proquest.com/publication/2026559
|